Modely financovania vonkajších politík Európskej únie
Analýza dvoch existujúcich modelov financovania vonkajších politík EÚ: modelu financovania vonkajších politík z komunitárnych zdrojov a modelu financovania z mimorozpočtových zdrojov. Kritické momenty existujúceho finančného mechanizmu (nedostatočná transparentnosť pri alokácii zdrojov, obmedzená ko...
Saved in:
| Main Author: | |
|---|---|
| Format: | Book Chapter |
| Language: | Slovak |
| Subjects: | |
| Tags: |
No Tags, Be the first to tag this record!
|
MARC
| LEADER | 00000naa$a2200000$$$4500 | ||
|---|---|---|---|
| 001 | 0076324 | ||
| 005 | 20220729110928.4 | ||
| 041 | 0 | |a slo | |
| 044 | |a SK | ||
| 245 | 1 | 0 | |a Modely financovania vonkajších politík Európskej únie |c Jozef Polakovič |
| 520 | |a Analýza dvoch existujúcich modelov financovania vonkajších politík EÚ: modelu financovania vonkajších politík z komunitárnych zdrojov a modelu financovania z mimorozpočtových zdrojov. Kritické momenty existujúceho finančného mechanizmu (nedostatočná transparentnosť pri alokácii zdrojov, obmedzená kontrola vynakladania prostriedkov zo strany Európskeho parlamentu, nesúlad medzi ambicióznymi cieľmi EÚ a finančnými zdrojmi vyčlenenými na ich realizáciu). Náčrt vhodných riešení. | ||
| 610 | 2 | 0 | |a Európska únia |
| 610 | 2 | 0 | |a politika medzinárodná |
| 610 | 2 | 0 | |a zdroje finančné |
| 610 | 2 | 0 | |a analýza ekonomická |
| 610 | 2 | 0 | |a rozpočet spoločný |
| 610 | 2 | 0 | |a fondy štruktúrne |
| 610 | 2 | 0 | |a vzťahy hospodárske medzinárodné |
| 100 | 1 | |a Polakovič, Jozef | |